000
00271nam a2200109Ia 4500
008
190216s9999||||xx |||||||||||||| ||und||
100
_a
Pattan Shetty P T&Amp;Palekar Dr
245
0
_a
Cost Accounting A Basic Approach
260
_b
Null
_c
1999
300
_a
551p
942
_c
BK
999
_c
4443
_d
4443